Morphological characterization of a low-bandgap crystalline polymer : PCBM Bulk heterojunction solar cells /
Đã lưu trong:
| Príomhúdar: | |
|---|---|
| Údair Eile: | , |
| Formáid: | Bài viết |
| Teanga: | English |
| Ábhair: | |
| Clibeanna: |
Cuir Clib Leis
Gan Chlibeanna, Bí ar an gcéad duine leis an taifead seo a chlibeáil!
|
| Thư viện lưu trữ: | Thư viện Trường Đại học Đà Lạt |
|---|
| LEADER | 01006nam a2200325 4500 | ||
|---|---|---|---|
| 001 | DLU110130678 | ||
| 005 | ##20111223 | ||
| 040 | # | # | |a DLU |b eng |
| 041 | # | # | |a eng |
| 044 | # | # | |a gw |
| 100 | # | # | |a Lu, Haiyun. |
| 245 | # | # | |a Morphological characterization of a low-bandgap crystalline polymer : PCBM Bulk heterojunction solar cells / |c Haiyun Lu, Bulent Akgun, Thomas P. Russell. |
| 653 | # | # | |a Bulk heterojunctions |
| 653 | # | # | |a Characterization |
| 653 | # | # | |a Morphology |
| 653 | # | # | |a Organic photovoltaics |
| 653 | # | # | |a Organic solar cells |
| 653 | # | # | |a Scattering |
| 700 | # | # | |a Akgun, Bulent. |
| 700 | # | # | |a Russell, Thomas P. |
| 773 | # | # | |t Advanced Energy Materials |g Vol. 1, no. 5 (October 2011), p. 870-878 |
| 920 | # | # | |a Phòng Tạp chí -- Trung tâm Thông tin - Thư viện Trường Đại học Đà Lạt |
| 994 | # | # | |a DLU |
| 900 | # | # | |a True |
| 911 | # | # | |a Trương Bảo Trâm Anh |
| 925 | # | # | |a G |
| 926 | # | # | |a A |
| 927 | # | # | |a BB |
| 980 | # | # | |a Thư viện Trường Đại học Đà Lạt |